00563nam a2200193 a 450000500170000000800410001701000140005802000250007203500130009703700150011004000180012508200100014310000220015324500520017526000450022727000480027230000240032050000250034420060818091510.0050907s2005 ii av 000 0 eng  aENG-93257 c65.00a9788190761468 aEN-76790 bDBAD / PUB adplbEnglish  a336.3 aHarikrishnan, K.  aBudget and fiscal policy /cby K. Harikrishnan  aChennai bThirupathi Publications c2008 a63, Razak Garden, ArumbakkambChennai e106 a113p.c20 cm (pbk)  aIncludes references